Normal view
MARC view
- TC Zulfiqar Ali
Entry Personal Name
001 - CONTROL NUMBER
- control field: 48196
003 - CONTROL NUMBER IDENTIFIER
- control field: NUST
005 - DATE AND TIME OF LATEST TRANSACTION
- control field: 20210314134010.0
008 - FIXED-LENGTH DATA ELEMENTS
- fixed length control field: 210314|| aca||aabn | a|a d
040 ## - CATALOGING SOURCE
- Original cataloging agency: NUST
- Transcribing agency: NUST
100 ## - HEADING--PERSONAL NAME
- Personal name: TC Zulfiqar Ali
670 ## - SOURCE DATA FOUND
- Source citation: Work cat.: (NUST): TC Zulfiqar Ali, Computer aided design of tension members (Rolled steel w-sections)
